| 000 | 01788nam a2200229Ia 4500 | ||
|---|---|---|---|
| 003 | Ost | ||
| 005 | 20260507074904.0 | ||
| 008 | 260507s9999||||xx |||||||||||||| ||und|| | ||
| 020 | _a9775673402 | ||
| 040 | _cfsecg | ||
| 041 | _aara | ||
| 082 | _a350 | ||
| 100 |
_aسعد، سامية جلال _eمؤلف |
||
| 245 | 0 |
_aالإدارة البيئية المتكاملة / _c سامية جلال سعد |
|
| 260 |
_aالقاهرة: _bالمنظمة العربية للتنمية الإدارية, _c2005 |
||
| 300 |
_a384 صفحة؛ _bإيضاحات ؛ _c24 سم |
||
| 490 |
_aسلسلة بحوث ودراسات _v397 |
||
| 520 | _aيضم نظام الإدارة البيئية المتكاملة ومتطلبات النظام على مستوى الحكومات والسلطات المحلية، الإدارة البيئية كوسيلة لتحقيق الأهداف التنموية الألفية، تقييم الآثار البيئية في المشروعات والعائد الإقتصادي والإجتماعي من تطبيق نظم الإدارة البيئية، تحديات إدارة الموارد الطبيعية المتاحة في العالم العربي، تجارب بعض الدول العربية في إدارة الموارد الطبيعية، نظم الإدارة البيئية المتكاملة للمؤسسات الصناعية، متطلبات التدريب في الأجهزة الحكومية والشعبية لتنفيذ نظام الإدارة البيئية، مجالات التعاون بين وزارة البيئة والوزارات المختلفة لتحقيق نظام الإدارة البيئية المتكاملة على المستوى الحكومي | ||
| 653 | _aالإدارة | ||
| 653 | _aالبيئة | ||
| 942 | _cكتاب | ||
| 999 |
_c41676 _d41676 |
||